| 000 | 02550nam a22003738a 4500 | ||
|---|---|---|---|
| 005 | 20090616122438.0 | ||
| 008 | 090417s2009 ii 000 0 eng | ||
| 010 | _aENG-94023 | ||
| 020 |
_a9788178299037 _c795.00 |
||
| 035 | _aEN-77556 | ||
| 035 | _aB-361378-384 | ||
| 037 | _bDBAD / PUB | ||
| 037 | _bAakar Books | ||
| 040 |
_adpl _bEnglish |
||
| 082 | _a371.9046 | ||
| 245 |
_aInclusive education across culture: _cedited by Mithu Alur [and] Vianne Timmons _bcrossing boundaries, sharing ideas / |
||
| 260 |
_aNew Delhi _bSAGE Publications _c2009 |
||
| 270 |
_aB1/I-1 Mohan Cooperative Industrial Area, Mathura Road, _bNew Delhi _e110044 |
||
| 300 |
_axxv, 467p. _c22cm(Hb) |
||
| 500 | _aIncludes index | ||
| 650 | _aInclusive education | ||
| 700 | _aAlur, Mithu | ||
| 700 | _aTimmons, Vianne | ||
| 942 |
_2ddc _cEN _h371.9046 _mINC |
||
| 999 |
_c27496 _d27496 |
||